al-Athār al-fikrīyah /
Main Author:
Other Authors:
Format: Book
Language: Arabic
Published:
[al-Qāhirah] :
al-Maṭbaʻah al-Kubrá al-Amīrīyah,
1897.
Edition: al-Tāba'h 1.
Subjects:
Tags: Add Tag
Call Number: PJ7824 .I46 Z5 1897
| LEADER | 01454nam a2200277Ia 4500 | ||
|---|---|---|---|
| 003 | OSt | ||
| 005 | 20231129115814.0 | ||
| 008 | 130303s1897 ua c 000 0 ara d | ||
| 952 | |0 0 |1 0 |2 lcc |4 0 |6 PJ7824 I46 Z5 01897 |7 1 |9 57190 |a ARCE |b ARCE |d 2023-11-29 |l 0 |o PJ7824 .I46 Z5 1897 |p 1032410 |r 2023-11-29 00:00:00 |w 2023-11-29 |y BK | ||
| 999 | |c 26489 |d 26489 | ||
| 010 | |a 72225607 | ||
| 040 | |c ARCE Library | ||
| 050 | 4 | |a PJ7824 .I46 Z5 1897 | |
| 100 | 1 | |6 880-01 |a Fikrī, ʻAbd Allāh, |d 1834 or 1835-1888 or 1889, |e author | |
| 245 | 1 | 3 | |6 880-02 |a al-Athār al-fikrīyah / |c ʻAbd Allāh Fikrī ; jamaʻahā najluhu Amīn Fikrī. |
| 250 | |a al-Tāba'h 1. | ||
| 264 | 1 | |a [al-Qāhirah] : |b al-Maṭbaʻah al-Kubrá al-Amīrīyah, |c 1897. | |
| 300 | |a 454, 14 pages : |b portraits ; |c 25 cm. | ||
| 500 | |a "Mufattaḥah bi-tarjamatih mudhayyalah bi-baʻḍi mā-rathāh bih āfāḍil shuʻarā' al-ʻaṣr. | ||
| 500 | |a "Tashmulu ʻalá mā-tayasra al-ʻuthūru ʻalayhi min naẓmi wa-nathri ʻAbd Allāh Fikrī. | ||
| 650 | 0 | |a Arabic literature. | |
| 700 | 1 | |a Fikrī, Amīn, |d 1856 or 1857-1898 or 1899. | |
| 880 | 1 | |6 100-01/(3/r |a فكري، عبد الله، |d 1834 or 1835-1888 or 1889. | |
| 880 | 1 | 2 | |6 245-02/(3/r |a الآثار الفكرية |c عبد الله فكري ؛ جمعها نجله أمين فكري. |
| 901 | |a reviewed | ||
| 942 | |c BK |2 lcc | ||
